Insurance in India changing Policies and Emerging Opportunities (Record no. 815)

MARC details
000 -LEADER
Fixed length control field 00523nam a2200169 4500
003 - CONTROL NUMBER IDENTIFIER
Control field SEACOMMC
005 - DATE AND TIME OF LATEST TRANSACTION
Control field 20250426114119.0
008 - FIXED-LENGTH DATA ELEMENTS--GENERAL INFORMATION
Fixed length control field 241203b |||||||| |||| 00| 0 eng d
020 ## - INTERNATIONAL STANDARD BOOK NUMBER / ISBN
International Standard Book Number 0-7619-9747-4
Price Rs.450.00
040 ## - CATALOGING SOURCE
Original cataloging agency SEACOMMC
082 ## - DEWEY DECIMAL CLASSIFICATION NUMBER
Classification number 368.00954
Book Number P 154
100 ## - MAIN ENTRY--PERSONAL NAME
Personal name Palande, P.S
245 1# - TITLE STATEMENT
Title Insurance in India changing Policies and Emerging Opportunities
Statement of responsibility P.S. Palande, M.L Lunawat|[and] R.S Shah
260 ## - IMPRINT
Place of publication New Delhi
Name of publisher Response Books
Date of publication 2003
650 ## - SUBJECT ADDED ENTRY--TOPICAL TERM
Topical term Insurance Companies-India
942 ## - ADDED ENTRY ELEMENTS (KOHA)
Koha item type Books
Holdings
Withdrawn status Lost status Source of classification Damaged status Not for loan Home library Current library Shelving location Date acquired Total Checkouts Call number Accession number Date last seen Price effective from Koha item type Copy number
    Dewey Decimal Classification     SEACOM MANAGEMENT COLLEGE SEACOM MANAGEMENT COLLEGE Reference 29/12/2007   368.00954 P 154 M-1087 03/12/2024 03/12/2024 Books  
    Dewey Decimal Classification     SEACOM MANAGEMENT COLLEGE SEACOM MANAGEMENT COLLEGE   29/12/2007   368.00954 P 154 M-1088 03/12/2024 03/12/2024 Books 1
© Seacom Engineering College, All rights reserved.    Powered by Koha